000
00331 a2200133 4500
000
nam a22 7a 4500
005
20260323111135.0
020
_a
9780393884852
100
_a
Bruce Alberts
_9
1137547
245
_a
Molecular Biology of the Cell
250
_a
7th
260
_b
W. W. Norton & Company Ltd
_c
2022
942
_c
TEXL
999
_c
1726354
_d
1726354